<?xml version="1.0" encoding="UTF-8"?>
<marc:record xmlns:marc="http://www.loc.gov/MARC21/slim">
   <marc:leader>00000nam a2200000 a 4500</marc:leader>
   <marc:datafield ind1="1" ind2=" " tag="100">
      <marc:subfield code="a">Grimm, Jacob</marc:subfield>
      <marc:subfield code="4">aut</marc:subfield>
      <marc:subfield code="e">Verfasser/-in</marc:subfield>
   </marc:datafield>
   <marc:datafield ind1="0" ind2="0" tag="245">
      <marc:subfield code="a">Grimms Märchen</marc:subfield>
   </marc:datafield>
   <marc:datafield ind1=" " ind2="1" tag="264">
      <marc:subfield code="b">Esslinger</marc:subfield>
      <marc:subfield code="c">2012</marc:subfield>
   </marc:datafield>
   <marc:datafield ind1="1" ind2=" " tag="520">
      <marc:subfield code="a">Die von den Brüdern Jacob und Wilhelm Grimm gesammelten Kinder- und Hausmärchen sind seit über 170 Jahren ein fester und nicht mehr wegzudenkender Bestandteil der deutschsprachigen Literatur. Wer kennt sie nicht, Hänsel und Gretel, Frau Holle, Rotkäppchen, Rumpelstilzchen, König Drosselbart und die vielen anderen unvergänglichen alten Märchen. Diese prachtvolle Gesamtausgabe mit vielen Illustrationen von Ludwig Richter gehört in jede Familie.</marc:subfield>
   </marc:datafield>
   <marc:datafield ind1=" " ind2=" " tag="020">
      <marc:subfield code="a">9783785575321</marc:subfield>
      <marc:subfield code="9">9783785575321</marc:subfield>
   </marc:datafield>
</marc:record>
